100 sự kiện của Trung Quốc
Đề cập đến 47 sự kiện lịch sử trung đại Trung Quốc.
Đã lưu trong:
| Tác giả chính: | |
|---|---|
| Định dạng: | Sách |
| Năm xuất bản: |
H.
Văn hóa thông tin
1998
|
| Chủ đề: | |
| Tags: |
Thêm thẻ
Không có thẻ, Hãy là người đầu tiên gắn thẻ bản ghi này!
|
| LEADER | 00722nam a2200169 4500 | ||
|---|---|---|---|
| 082 | |a 951 |b TR561T | ||
| 100 | |a Trương Tú Bình | ||
| 245 | |a 100 sự kiện của Trung Quốc |c Trương Tú Bình, Vương Hiểu Minh, Phạm Việt Chương dịch và hiệu đính | ||
| 260 | |a H. |b Văn hóa thông tin |c 1998 | ||
| 300 | |a 637 tr. |c 19 cm | ||
| 520 | |a Đề cập đến 47 sự kiện lịch sử trung đại Trung Quốc. | ||
| 653 | |a Lịch sử | ||
| 653 | |a Sự Kiện | ||
| 653 | |a Trung Quốc | ||
| 942 | |2 ddc |c SH | ||
| 999 | |c 2817 |d 2817 | ||
| 952 | |0 0 |1 0 |2 ddc |4 0 |6 951_000000000000000_TR561T |7 0 |8 900 |9 33412 |a qbu |b qbu |c D5 |d 2014-12-15 |g 51000 |o 951 TR561T |p 4052.C1 |r 0000-00-00 |w 2014-12-15 |y SH |0 0 |6 951_000000000000000_TR561T | ||